|
|
|
|
| LEADER |
00000cam a2200000 7i4500 |
| 001 |
0000000351 |
| 008 |
021118s1982 |
| 090 |
0 |
0 |
|a HG1615
|b .H3 1982
|
| 100 |
0 |
|
|a حمود, سامي حسن احمد
|e author
|
| 245 |
1 |
0 |
|a تطوير الاعمال المصرفية بما يتفق والشريعة الاسلامية
|c سامي حسن احمد حمود
|
| 260 |
2 |
|
|a Amman
|b Dar al-Fikr
|c 1982
|
| 300 |
|
|
|a 496 p .
|c 24 cm
|
| 650 |
|
0 |
|a Banks and banking
|x Religious aspects
|x Islam
|
| 650 |
|
0 |
|a Interest
|x Religious aspects
|x Islam
|
| 745 |
0 |
0 |
|a Tatwir al-a`mal al-musarifiyah bima yatafiq wa-al-shari`at al-Islamiyah
|
| 999 |
|
|
|a 1000046676
|b Book
|c OPEN SHELF (30 DAYS)
|e Gong Badak Campus
|
| 999 |
|
|
|a 1000046677
|b Book
|c OPEN SHELF (30 DAYS)
|e Gong Badak Campus
|
| 999 |
|
|
|a 1000098603
|b Book
|c OPEN SHELF (30 DAYS)
|e Gong Badak Campus
|